[Event "C.to Provinciale BI-VC"]
[Site "Biella ITA"]
[Date "2014.03.16"]
[Round "5"]
[White "Palma, Maria"]
[Black "Loggia, Davide"]
[WhiteElo "1709"]
[BlackElo "1436"]
[Result "1/2-1/2"]
[PlyCount "86"]
[EventDate "2014.03.14"]

1. d4 d5 2. c4 e6 3. Nc3 Bb4 4. Qb3 Bxc3+ 5. bxc3 Nf6 6. Bg5 c6 7. e3 Nbd7 8.
cxd5 exd5 9. Bd3 h6 10. Bh4 g5 11. Bg3 Qe7 12. Nf3 Ne4 13. Qc2 f5 14. Bxe4 Qxe4
15. Qxe4+ fxe4 16. Nd2 b5 17. a4 Ba6 18. axb5 Bxb5 19. Nb3 Rh7 20. Kd2 Nb6 21.
Rhb1 Bd3 22. Rc1 Nc4+ 23. Ke1 Rb7 24. Nc5 Rb2 25. Nxd3 exd3 26. Rcb1 Re2+ 27.
Kd1 Rd2+ 28. Kc1 Rc2+ 29. Kd1 Nb2+ 30. Rxb2 Rxb2 31. Ra6 Rb6 32. Rxb6 axb6 33.
Kd2 h5 34. h4 g4 35. Kxd3 Ke7 36. e4 dxe4+ 37. Kxe4 Ke6 38. Bf4 Ra1 39. Be3 Ra3
40. c4 b5 41. d5+ Kd7 42. dxc6+ Kxc6 43. cxb5+ Kxb5 1/2-1/2

[Event "C.to Provinciale BI-VC"]
[Site "Biella ITA"]
[Date "2014.03.16"]
[Round "5"]
[White "Pedoni, Lorenzo"]
[Black "Lavino, Stefano"]
[WhiteElo "1699"]
[BlackElo "1630"]
[Result "1-0"]
[PlyCount "51"]
[EventDate "2014.03.14"]

1. d4 Nf6 2. c4 e6 3. Nc3 Bb4 4. e3 Bxc3+ 5. bxc3 b6 6. Bd3 c5 7. Ne2 Nc6 8.
O-O O-O 9. f3 Ba6 10. e4 h6 11. d5 Na5 12. e5 Ne8 13. f4 d6 14. Be4 Rb8 15. Rf3
Bxc4 16. Rg3 Kh8 17. Qd2 Bxd5 18. Bxd5 exd5 19. exd6 Qxd6 20. f5 Nf6 21. Rxg7
Ne4 22. Qxh6+ Qxh6 23. Bxh6 Rbd8 24. Rg4 Rg8 25. Rh4 Rde8 26. Bf8# 1-0

[Event "C.to Provinciale BI-VC"]
[Site "Biella ITA"]
[Date "2014.03.16"]
[Round "5"]
[White "Pivari, Flavio"]
[Black "Tibaldeschi, Attilio"]
[WhiteElo "1402"]
[BlackElo "1715"]
[Result "0-1"]
[PlyCount "98"]
[EventDate "2014.03.14"]

1. e4 e5 2. Nf3 Nc6 3. Bb5 d6 4. h3 Bd7 5. c3 Be7 6. O-O Nf6 7. Qe2 O-O 8. d3
a6 9. Ba4 b5 10. Bc2 Be6 11. Bg5 h6 12. Bxf6 Bxf6 13. Nbd2 b4 14. Ba4 Bd7 15.
Bxc6 Bxc6 16. Rfc1 bxc3 17. Rxc3 Bd7 18. Nc4 a5 19. a4 Be6 20. Rac1 c5 21. Na3
Bd7 22. Qc2 Rb8 23. b3 Be7 24. Nc4 f5 25. Ne3 fxe4 26. dxe4 Bxh3 27. gxh3 Rxf3
28. Nf5 Rxc3 29. Nxe7+ Qxe7 30. Qxc3 Rb4 31. Re1 Qf7 32. Re3 Qg6+ 33. Kf1 Qe6
34. Ke2 c4 35. bxc4 Qxc4+ 36. Qxc4+ Rxc4 37. f3 Kf7 38. Rd3 Ke6 39. Ra3 g5 40.
Kf2 h5 41. Kg3 d5 42. exd5+ Kxd5 43. Rd3+ Ke6 44. Ra3 h4+ 45. Kf2 Rc2+ 46. Kg1
Kf5 47. Re3 Rc4 48. Re4 Rxe4 49. fxe4+ Kxe4 0-1

[Event "C.to Provinciale BI-VC"]
[Site "Biella ITA"]
[Date "2014.03.16"]
[Round "5"]
[White "Raselli, Claudio"]
[Black "Isoardi, Luigi"]
[WhiteElo "1877"]
[BlackElo "1758"]
[Result "1/2-1/2"]
[PlyCount "92"]
[EventDate "2014.03.14"]

1. e4 c5 2. c3 Nf6 3. e5 Nd5 4. d4 cxd4 5. Bc4 Nb6 6. Bb3 e6 7. cxd4 d6 8. Nf3
dxe5 9. Nxe5 Nc6 10. Nxc6 bxc6 11. O-O Ba6 12. Re1 Be7 13. Nc3 O-O 14. Bf4 Nd5
15. Nxd5 cxd5 16. Rc1 Bd6 17. Qd2 Qb6 18. Bxd6 Qxd6 19. Rc5 Rac8 20. Rec1 Rxc5
21. Rxc5 Rc8 22. Qa5 Qb6 23. Qc3 Rxc5 24. Qxc5 g6 25. Qxb6 axb6 26. f4 Bc4 27.
Bxc4 dxc4 28. a4 Kf8 29. Kf2 Ke7 30. Ke3 f5 31. Kd2 Kd6 32. Kc3 Kd5 33. g3 h6
34. h3 g5 35. h4 gxh4 36. gxh4 Ke4 37. Kxc4 Kxf4 38. b4 Ke3 39. a5 bxa5 40.
bxa5 f4 41. a6 f3 42. a7 f2 43. a8=Q f1=Q+ 44. Kc5 Qf5+ 45. Kd6 Kxd4 46. Qh8+
Ke4 1/2-1/2

[Event "C.to Provinciale BI-VC"]
[Site "Biella ITA"]
[Date "2014.03.16"]
[Round "5"]
[White "Siclari, Giovanni"]
[Black "Ubezio, Marco"]
[WhiteElo "2106"]
[BlackElo "2122"]
[Result "1-0"]
[PlyCount "93"]
[EventDate "2014.03.14"]

1. Nf3 d5 2. d4 Nf6 3. c4 e6 4. Nc3 Bb4 5. cxd5 exd5 6. Bg5 h6 7. Bh4 c5 8. e3
Nc6 9. Be2 g5 10. Bg3 Ne4 11. Rc1 g4 12. Nd2 cxd4 13. exd4 Nxd2 14. Qxd2 Qf6
15. Bb5 Bd7 16. Bxc6 Bxc6 17. O-O Bd6 18. Rfe1+ Kd7 19. Be5 Bxe5 20. dxe5 Qg5
21. Qd4 Rhd8 22. b4 a6 23. Nxd5 Ke8 24. Nc7+ Kf8 25. Qc5+ Kg8 26. Nxa8 Rxa8 27.
e6 f5 28. e7 Re8 29. Rcd1 Be4 30. Rd8 Rxd8 31. exd8=Q+ Qxd8 32. Rc1 Qd2 33.
Qc8+ Kg7 34. Qc3+ Qxc3 35. Rxc3 h5 36. f3 Bc6 37. fxg4 hxg4 38. h4 Kf6 39. g3
Ke5 40. Kf2 Be4 41. Ke3 Bc6 42. Rc5+ Kf6 43. Kf4 Be4 44. a3 Kg6 45. Re5 Bd3 46.
Re7 Be4 47. Rxe4 1-0

[Event "XXIII Weekend A"]
[Site "Ceriano Laghetto ITA"]
[Date "2014.03.14"]
[Round "1"]
[White "Boschetti, Claudio"]
[Black "Moroni, Luca jr"]
[WhiteElo "2095"]
[BlackElo "2274"]
[Result "1-0"]
[PlyCount "107"]
[EventDate "2014.03.14"]

1. e4 e6 2. c4 c5 3. Nc3 d6 4. g3 b6 5. Bg2 Bb7 6. Nge2 Nf6 7. O-O Nbd7 8. d3
Qc7 9. f4 Be7 10. h3 Nb8 11. g4 Nc6 12. Be3 a6 13. Rc1 Nd7 14. f5 Nde5 15. g5
Nb4 16. fxe6 fxe6 17. Nf4 O-O 18. h4 Bc8 19. a3 Rxf4 20. Bxf4 Nbxd3 21. Bxe5
Nxe5 22. Ne2 Bd7 23. Nf4 Rf8 24. Bh3 Qc8 25. Qb3 Nc6 26. Ne2 b5 27. cxb5 axb5
28. Rxf8+ Bxf8 29. Qxb5 Qe8 30. Qb3 g6 31. Rd1 Qf7 32. Rf1 Qe7 33. Rf6 Nd8 34.
Nf4 Bg7 35. Nxe6 Nxe6 36. Bxe6+ Kh8 37. Qb8+ Qe8 38. Qxe8+ Bxe8 39. Rf3 Bd4+
40. Kg2 Kg7 41. b3 h6 42. a4 hxg5 43. hxg5 Bb2 44. a5 Bb5 45. Rf7+ Kh8 46. Rf8+
Kg7 47. Rg8+ Kh7 48. Rb8 Bd3 49. Kf3 Bc3 50. Ra8 Bd4 51. Bc4 Bc2 52. a6 Bd1+
53. Kg2 Bc2 54. Re8 1-0

[Event "XXIII Weekend A"]
[Site "Ceriano Laghetto ITA"]
[Date "2014.03.14"]
[Round "1"]
[White "Gromovs, Sergejs"]
[Black "Villa, Giorgio"]
[WhiteElo "2211"]
[BlackElo "1962"]
[Result "1-0"]
[PlyCount "57"]
[EventDate "2014.03.14"]

1. e4 c6 2. d4 d5 3. e5 Bf5 4. Ne2 e6 5. Ng3 Bg6 6. h4 h6 7. h5 Bh7 8. Bd3 Bxd3
9. Qxd3 Nd7 10. f4 Ne7 11. f5 Nxf5 12. Nxf5 exf5 13. Qxf5 Be7 14. e6 fxe6 15.
Qxe6 Nf8 16. Qg4 Qd6 17. Qxg7 Bf6 18. Qg4 Ne6 19. c3 O-O-O 20. O-O Rhg8 21. Qh3
Bg5 22. Bxg5 Rxg5 23. Rf6 Re8 24. Nd2 Reg8 25. Rxe6 Rxg2+ 26. Kh1 R2g3 27. Re8+
Kc7 28. Qc8+ Kb6 29. Rxg8 1-0

[Event "XXIII Weekend A"]
[Site "Ceriano Laghetto ITA"]
[Date "2014.03.14"]
[Round "1"]
[White "Lapiccirella, Mattia"]
[Black "Naumkin, Igor"]
[WhiteElo "2171"]
[BlackElo "2477"]
[Result "0-1"]
[PlyCount "56"]
[EventDate "2014.03.14"]

1. d4 Nf6 2. c4 e6 3. Nf3 b6 4. g3 Bb7 5. Bg2 Be7 6. O-O O-O 7. Re1 d5 8. cxd5
exd5 9. Nc3 Na6 10. Bf4 c5 11. Rc1 Ne4 12. dxc5 Naxc5 13. Be5 a5 14. Bh3 Bf6
15. Bxf6 Qxf6 16. Qd4 Qh6 17. Bg2 Rfe8 18. e3 Qe6 19. Red1 h6 20. b3 Rac8 21.
Ne1 Qf5 22. f4 Nf6 23. Nb5 Rcd8 24. Nd3 Ng4 25. Nxc5 bxc5 26. Qxc5 Qh5 27. e4
Qxh2+ 28. Kf1 Qxg3 0-1

[Event "XXIII Weekend A"]
[Site "Ceriano Laghetto ITA"]
[Date "2014.03.14"]
[Round "1"]
[White "Salvador, Roland"]
[Black "Medici, Simone"]
[WhiteElo "2462"]
[BlackElo "2149"]
[Result "1-0"]
[PlyCount "47"]
[EventDate "2014.03.14"]

1. d4 Nf6 2. Nf3 d5 3. c4 c6 4. e3 e6 5. b3 Bb4+ 6. Nbd2 Qa5 7. Bd3 Bc3 8. Rb1
Qxa2 9. O-O Na6 10. e4 Nb4 11. Qe2 dxe4 12. Bxe4 Nxe4 13. Qxe4 Qc2 14. Qh4 O-O
15. Ne4 Na2 16. Ba3 Re8 17. Nfg5 h6 18. Nxf7 Kxf7 19. Qh5+ g6 20. Qf3+ Kg8 21.
Nf6+ Kh8 22. Nxe8 Qf5 23. Qe2 Nb4 24. Qe3 1-0

[Event "XXIII Weekend A"]
[Site "Ceriano Laghetto ITA"]
[Date "2014.03.14"]
[Round "1"]
[White "Sbarra, Marco"]
[Black "Montilli, Vincenzo"]
[WhiteElo "2271"]
[BlackElo "2054"]
[Result "1/2-1/2"]
[PlyCount "112"]
[EventDate "2014.03.14"]

1. d4 Nf6 2. c4 g6 3. Nc3 Bg7 4. e4 d6 5. Be2 O-O 6. Nf3 e5 7. d5 a5 8. Bg5 h6
9. Bh4 Na6 10. Nd2 Qe8 11. O-O Bd7 12. Rb1 Nh7 13. f3 h5 14. Nb3 b6 15. Nc1 Bh6
16. Nd3 Be3+ 17. Kh1 Bc5 18. Qd2 f6 19. a3 a4 20. Rbe1 g5 21. Nxc5 Nxc5 22. Bf2
Qg6 23. Bd1 Rf7 24. Bc2 Rg7 25. Be3 Nf8 26. g3 g4 27. f4 h4 28. f5 Qh5 29. gxh4
Qxh4 30. Rg1 g3 31. Qg2 Nh7 32. Bc1 Kf7 33. Re3 Rag8 34. h3 Nf8 35. Ne2 Rh8 36.
Rxg3 Rxg3 37. Nxg3 Qxh3+ 38. Qxh3 Rxh3+ 39. Kg2 Rh4 40. Rh1 Rxh1 41. Nxh1 b5
42. cxb5 Bxb5 43. Nf2 Nfd7 44. Be3 c6 45. Kf3 cxd5 46. exd5 Bc4 47. Bxc5 Nxc5
48. Be4 Ke7 49. Ng4 Nd3 50. Bxd3 Bxd3 51. Ne3 Kd7 52. Ng4 Bxf5 53. Nxf6+ Ke7
54. Nh5 Bc2 55. Ng3 Kf6 56. Ke3 Kg5 1/2-1/2

[Event "XXIII Weekend A"]
[Site "Ceriano Laghetto ITA"]
[Date "2014.03.14"]
[Round "1"]
[White "Soncin, Denis"]
[Black "Lapiccirella, Daniele"]
[WhiteElo "2049"]
[BlackElo "2215"]
[Result "0-1"]
[PlyCount "64"]
[EventDate "2014.03.14"]

1. e4 c5 2. d3 e6 3. g3 d5 4. Nd2 Nc6 5. Bg2 Nf6 6. Ngf3 g6 7. O-O Bg7 8. Re1
O-O 9. c3 Kh8 10. Qc2 b6 11. Nf1 Ba6 12. e5 Nd7 13. Bf4 f6 14. exf6 Qxf6 15.
Rad1 e5 16. Bg5 Qd6 17. Qa4 Bb7 18. Qh4 Rae8 19. Ne3 Ne7 20. Bh6 Nf5 21. Nxf5
gxf5 22. Bxg7+ Kxg7 23. Qg5+ Qg6 24. Rd2 e4 25. dxe4 fxe4 26. Qxg6+ hxg6 27.
Ng5 Ne5 28. f4 exf3 29. Bxf3 Rf5 30. Bxd5 Bxd5 31. Rxd5 Rxg5 32. Kg2 Nf7 0-1

[Event "XXIII Weekend A"]
[Site "Ceriano Laghetto ITA"]
[Date "2014.03.15"]
[Round "2"]
[White "Lapiccirella, Daniele"]
[Black "Salvador, Roland"]
[WhiteElo "2215"]
[BlackElo "2462"]
[Result "0-1"]
[PlyCount "40"]
[EventDate "2014.03.14"]

1. d4 Nf6 2. c4 e6 3. Nc3 Bb4 4. Nf3 d5 5. Bg5 Nbd7 6. cxd5 exd5 7. e3 h6 8.
Bxf6 Qxf6 9. Bd3 Nb6 10. Ne5 Bd6 11. f4 Qh4+ 12. g3 Qh3 13. Qf3 c6 14. f5 Bxe5
15. dxe5 O-O 16. Ne2 Nd7 17. Qf4 Re8 18. O-O-O Nxe5 19. Bc2 Nc4 20. e4 Bxf5 0-1

[Event "XXIII Weekend A"]
[Site "Ceriano Laghetto ITA"]
[Date "2014.03.15"]
[Round "2"]
[White "Medici, Simone"]
[Black "Soncin, Denis"]
[WhiteElo "2149"]
[BlackElo "2049"]
[Result "1-0"]
[PlyCount "53"]
[EventDate "2014.03.14"]

1. d4 Nf6 2. Nf3 g6 3. Nbd2 Bg7 4. e4 d6 5. Bd3 c5 6. c3 O-O 7. O-O cxd4 8.
cxd4 Nc6 9. d5 Nb4 10. Be2 a5 11. a3 Na6 12. Re1 Nc5 13. Bf1 Bd7 14. Rb1 Rc8
15. b3 Nxd5 16. exd5 Bf5 17. Bb2 Bxb1 18. Bxg7 Kxg7 19. Qxb1 e5 20. dxe6 Nxe6
21. Ne4 Nc5 22. Qb2+ f6 23. Nfg5 Kh6 24. Nxc5 fxg5 25. Ne6 Qf6 26. Re3 g4 27.
Qd2 1-0

[Event "XXIII Weekend A"]
[Site "Ceriano Laghetto ITA"]
[Date "2014.03.15"]
[Round "2"]
[White "Montilli, Vincenzo"]
[Black "Boschetti, Claudio"]
[WhiteElo "2054"]
[BlackElo "2095"]
[Result "1/2-1/2"]
[PlyCount "130"]
[EventDate "2014.03.14"]

1. Nf3 c5 2. c4 Nc6 3. g3 e5 4. Nc3 d6 5. Bg2 g6 6. O-O Bg7 7. d3 Nge7 8. Ne1
O-O 9. Nc2 h6 10. Rb1 Be6 11. Ne3 g5 12. a3 Qd7 13. b4 f5 14. Ned5 Rab8 15. Qa4
b6 16. Bd2 f4 17. Rb2 cxb4 18. axb4 b5 19. Nxe7+ Nxe7 20. cxb5 d5 21. Ra1 Rb7
22. b6 axb6 23. Qxd7 Rxd7 24. Ra6 Rb8 25. Na4 e4 26. Rc2 f3 27. exf3 exd3 28.
Rc1 Rd6 29. Bf1 Bf5 30. Rc7 Nc6 31. Kg2 Nd4 32. Raa7 Bf8 33. g4 Bg6 34. Nc3 Nb3
35. Nb1 Rf6 36. Bc3 d4 37. Bd2 Re8 38. Ra2 Rxf3 39. Kxf3 Be4+ 40. Kg3 Bd6+ 41.
Kh3 Bxc7 42. Rb2 Nxd2 43. Nxd2 Bg6 44. Nf3 Rf8 45. Ne1 Rf4 46. Rd2 h5 47. gxh5
Rh4+ 48. Kg2 Rxh2+ 49. Kg1 Be4 50. Bg2 Bxg2 51. Nxg2 Rh3 52. Ne1 Rxh5 53. Rxd3
Rh4 54. Nf3 Rh3 55. Kg2 g4 56. Rxd4 Rh5 57. Rxg4+ Kf7 58. Rd4 Ke6 59. Ne1 Rd5
60. Re4+ Re5 61. Kf3 Kd5 62. Rxe5+ Bxe5 63. Ke3 Kc4 64. Nd3 Bd4+ 65. Kd2 Bxf2
1/2-1/2

[Event "XXIII Weekend A"]
[Site "Ceriano Laghetto ITA"]
[Date "2014.03.15"]
[Round "2"]
[White "Moroni, Luca jr"]
[Black "Sbarra, Marco"]
[WhiteElo "2274"]
[BlackElo "2271"]
[Result "1-0"]
[PlyCount "49"]
[EventDate "2014.03.14"]

1. c4 e6 2. Nf3 d5 3. g3 c5 4. Bg2 Nc6 5. O-O Nf6 6. cxd5 exd5 7. d4 Be7 8. Nc3
O-O 9. Bg5 Be6 10. Rc1 Ne4 11. Bxe7 Qxe7 12. dxc5 Rfd8 13. Nd4 Nxc5 14. Nxc6
bxc6 15. Qd4 Nb7 16. Na4 Rdc8 17. Nc5 Nxc5 18. Rxc5 Rab8 19. Rfc1 Qb7 20. b3
Qa6 21. Qd2 Rb6 22. Bxd5 Rd8 23. Qg5 Rbb8 24. Bxe6 fxe6 25. R1c2 1-0

[Event "XXIII Weekend A"]
[Site "Ceriano Laghetto ITA"]
[Date "2014.03.15"]
[Round "2"]
[White "Naumkin, Igor"]
[Black "Gromovs, Sergejs"]
[WhiteElo "2477"]
[BlackElo "2211"]
[Result "1-0"]
[PlyCount "53"]
[EventDate "2014.03.14"]

1. d4 Nf6 2. c4 g6 3. Nc3 d5 4. Nf3 Bg7 5. Qa4+ c6 6. cxd5 Nxd5 7. e4 Nb6 8.
Qd1 O-O 9. Be3 N8d7 10. a4 Nf6 11. a5 Nbd7 12. h3 Qc7 13. Be2 e5 14. O-O exd4
15. Nxd4 Nc5 16. Qc2 Qe7 17. Bf3 Re8 18. Rfe1 Bd7 19. Rad1 Qe5 20. Qc1 Ne6 21.
b4 Bf8 22. Nxe6 Qxe6 23. Bg5 Bxb4 24. e5 Nd5 25. Nxd5 cxd5 26. Bxd5 Qa6 27. Qf4
1-0

[Event "XXIII Weekend A"]
[Site "Ceriano Laghetto ITA"]
[Date "2014.03.15"]
[Round "2"]
[White "Villa, Giorgio"]
[Black "Lapiccirella, Mattia"]
[WhiteElo "1962"]
[BlackElo "2171"]
[Result "0-1"]
[PlyCount "98"]
[EventDate "2014.03.14"]

1. d4 Nf6 2. Nf3 e6 3. c4 b6 4. g3 Bb7 5. Bg2 Be7 6. Nc3 O-O 7. O-O Ne4 8. Qc2
Nxc3 9. Qxc3 Bf6 10. Qc2 c5 11. dxc5 bxc5 12. Ng5 Bxg5 13. Bxg5 Qb6 14. Rfd1
Bxg2 15. Kxg2 Nc6 16. Qe4 f5 17. Qd3 Rf7 18. Be3 Ne5 19. Qc3 Qc6+ 20. f3 Ng6
21. Qd2 Rb8 22. b3 Rb6 23. Qa5 d6 24. Rd3 f4 25. gxf4 Nh4+ 26. Kf2 e5 27. Qd2
Qd7 28. Rg1 Qh3 29. Rxd6 Rxd6 30. Qxd6 Rd7 31. Qxe5 Ng6 32. Qe8+ Nf8 33. Bxc5
Qxh2+ 34. Ke1 Qh4+ 35. Bf2 Qxf4 36. Qe3 Qf6 37. Bg3 Re7 38. Qd3 Rd7 39. Qe3 Re7
40. Qd3 Rd7 41. Qe4 Qa1+ 42. Kf2 Qxa2 43. Be5 Qxb3 44. Rb1 Qa3 45. Qc6 Qe7 46.
Bg3 Rd2 47. Qe4 Qc5+ 48. Kg2 Rd4 49. Bf2 Qg5+ 0-1

[Event "XXIII Weekend A"]
[Site "Ceriano Laghetto ITA"]
[Date "2014.03.15"]
[Round "3"]
[White "Boschetti, Claudio"]
[Black "Lapiccirella, Daniele"]
[WhiteElo "2095"]
[BlackElo "2215"]
[Result "0-1"]
[PlyCount "74"]
[EventDate "2014.03.14"]

1. e4 c5 2. d4 cxd4 3. c3 d5 4. exd5 Qxd5 5. cxd4 Nc6 6. Nf3 e5 7. Nc3 Bb4 8.
Bd2 Bxc3 9. Bxc3 e4 10. Ne5 Nxe5 11. dxe5 Ne7 12. Qa4+ Bd7 13. Qa3 Qe6 14. Rd1
O-O 15. Rd6 Qf5 16. Be2 Be6 17. h3 Qg5 18. g4 e3 19. Qc5 exf2+ 20. Qxf2 Nd5 21.
Bd4 Nf4 22. Bc3 Nxe2 23. Kxe2 Bc4+ 24. Kf3 Bxa2 25. Kg3 Be6 26. Qf4 Qg6 27. Re1
a5 28. Qe4 Qxe4 29. Rxe4 b5 30. Rb6 b4 31. Be1 Rfc8 32. Re2 h6 33. Rd2 Rc5 34.
Kf4 Rc4+ 35. Ke3 a4 36. Rd1 b3 37. Ra1 Rc2 0-1

[Event "XXIII Weekend A"]
[Site "Ceriano Laghetto ITA"]
[Date "2014.03.15"]
[Round "3"]
[White "Gromovs, Sergejs"]
[Black "Montilli, Vincenzo"]
[WhiteElo "2211"]
[BlackElo "2054"]
[Result "1-0"]
[PlyCount "101"]
[EventDate "2014.03.14"]

1. d4 Nf6 2. Nf3 g6 3. c4 Bg7 4. Nc3 O-O 5. e4 d6 6. Be2 e5 7. O-O Nc6 8. d5
Ne7 9. b4 a5 10. Ba3 axb4 11. Bxb4 Nd7 12. a4 Bh6 13. a5 Kh8 14. Ne1 f5 15. Nd3
Nf6 16. Bf3 fxe4 17. Bxe4 Bf5 18. Qe2 Qd7 19. c5 Rf7 20. cxd6 cxd6 21. f3 Bxe4
22. fxe4 Raf8 23. a6 b6 24. h3 Nc8 25. Rfb1 Nh5 26. Qg4 Be3+ 27. Kh2 Bd4 28.
Qxd7 Rxd7 29. Nb5 Bxa1 30. Rxa1 Nf6 31. Nxe5 dxe5 32. Bxf8 Kg8 33. Bd6 Nxe4 34.
Bxe5 Rxd5 35. Rc1 Nc5 36. Bb8 Nxa6 37. Rxc8+ Kg7 38. Nc7 Nxc7 39. Rxc7+ Kg8 40.
Rb7 b5 41. h4 g5 42. hxg5 Rxg5 43. Bf4 Rd5 44. Kg3 Rc5 45. Kf3 h5 46. Ke4 Rc4+
47. Kf5 h4 48. Bg5 Kf8 49. Kg6 Ke8 50. Re7+ Kf8 51. Re2 1-0

[Event "XXIII Weekend A"]
[Site "Ceriano Laghetto ITA"]
[Date "2014.03.15"]
[Round "3"]
[White "Lapiccirella, Mattia"]
[Black "Moroni, Luca jr"]
[WhiteElo "2171"]
[BlackElo "2274"]
[Result "1/2-1/2"]
[PlyCount "63"]
[EventDate "2014.03.14"]

1. d4 d5 2. c4 e6 3. Nc3 c6 4. Nf3 Nf6 5. Bg5 Nbd7 6. cxd5 exd5 7. e3 Qa5 8.
Nd2 Be7 9. Qc2 O-O 10. Bd3 Re8 11. h3 Qd8 12. O-O Nf8 13. Rab1 b6 14. b4 Bb7
15. a4 h6 16. Bh4 Ne6 17. Nf3 Nd7 18. Bg3 Ng5 19. Ne5 Nxe5 20. Bxe5 Ne6 21. Ne2
Bd6 22. Bxd6 Qxd6 23. Ng3 Nf8 24. Rfc1 Rac8 25. Qe2 Rc7 26. Nf5 Qf6 27. Qf3 Bc8
28. Qg3 Bxf5 29. Bxf5 Ree7 30. Bd3 Ne6 31. Rc2 Nd8 32. Rbc1 1/2-1/2

[Event "XXIII Weekend A"]
[Site "Ceriano Laghetto ITA"]
[Date "2014.03.15"]
[Round "3"]
[White "Salvador, Roland"]
[Black "Naumkin, Igor"]
[WhiteElo "2462"]
[BlackElo "2477"]
[Result "1/2-1/2"]
[PlyCount "121"]
[EventDate "2014.03.14"]

1. c4 Nf6 2. Nc3 e5 3. g3 Bb4 4. Bg2 O-O 5. d3 Bxc3+ 6. bxc3 Re8 7. e4 c6 8.
Ne2 d5 9. cxd5 cxd5 10. exd5 Nxd5 11. O-O Nc6 12. Qb3 Nb6 13. Rd1 Bg4 14. f3
Be6 15. Qc2 Qd7 16. Be3 Nd5 17. Bf2 Bh3 18. Bxh3 Qxh3 19. Qb3 Qd7 20. Rab1 b6
21. Qa4 Rad8 22. Kg2 Qb7 23. c4 Nf6 24. c5 Nd5 25. Rdc1 Re6 26. Rb2 h5 27. cxb6
axb6 28. Qh4 Nce7 29. Rcb1 Qa6 30. Qc4 Qa8 31. Qe4 f5 32. Qc4 Kh7 33. Ng1 Ng6
34. Nh3 Kh6 35. Qc1+ f4 36. Qc4 Rc6 37. Qe4 Qc8 38. Re1 Nf6 39. Qe2 Qf5 40. Rb3
Rdc8 41. Rd1 Nd5 42. Qe4 Qd7 43. Rd2 Rd6 44. d4 Nf6 45. Qb1 e4 46. fxe4 Qg4 47.
e5 f3+ 48. Kh1 Qxh3 49. Be3+ Kh7 50. exd6 Re8 51. Qg1 Ne4 52. Rc2 Nxd6 53. Rf2
Rf8 54. Bf4 Nxf4 55. gxf4 Rxf4 56. Qf1 Ne4 57. Qd3 Qf5 58. Rxf3 Nf2+ 59. Rxf2
Qxd3 60. Rxd3 Rxf2 61. Rb3 1/2-1/2

[Event "XXIII Weekend A"]
[Site "Ceriano Laghetto ITA"]
[Date "2014.03.15"]
[Round "3"]
[White "Sbarra, Marco"]
[Black "Medici, Simone"]
[WhiteElo "2271"]
[BlackElo "2149"]
[Result "1-0"]
[PlyCount "93"]
[EventDate "2014.03.14"]

1. d4 d5 2. c4 c6 3. Nf3 Nf6 4. e3 e6 5. b3 Nbd7 6. Bb2 Ne4 7. Bd3 Bb4+ 8. Nbd2
Qa5 9. a3 Bxd2+ 10. Nxd2 Nxd2 11. Qxd2 Qxd2+ 12. Kxd2 O-O 13. a4 Rd8 14. Ke2 a5
15. Rac1 g6 16. h4 h6 17. g4 dxc4 18. Bxc4 Nb6 19. g5 h5 20. Ba3 Nxc4 21. bxc4
b6 22. Be7 Rd7 23. Bf6 Ba6 24. Rc3 b5 25. axb5 cxb5 26. cxb5 Bxb5+ 27. Kf3 a4
28. Rhc1 Rda7 29. Rc8+ Be8 30. Be5 Kh7 31. Bb8 Rb7 32. Bd6 Rba7 33. Ba3 Kg7 34.
Kf4 Bd7 35. Rxa8 Rxa8 36. Rc7 Bb5 37. e4 Rd8 38. Be7 Ra8 39. Ba3 Be2 40. Ke3
Bd1 41. d5 exd5 42. exd5 Rb8 43. Be7 Bg4 44. Bf6+ Kf8 45. d6 a3 46. d7 Bxd7 47.
Rxd7 1-0

[Event "XXIII Weekend A"]
[Site "Ceriano Laghetto ITA"]
[Date "2014.03.15"]
[Round "3"]
[White "Soncin, Denis"]
[Black "Villa, Giorgio"]
[WhiteElo "2049"]
[BlackElo "1962"]
[Result "0-1"]
[PlyCount "76"]
[EventDate "2014.03.14"]

1. e4 c6 2. d4 d5 3. e5 Bf5 4. Nf3 e6 5. Be2 Nd7 6. O-O Ne7 7. Nc3 h6 8. Re1
Rc8 9. a4 Bh7 10. b4 Nf5 11. Ba3 a5 12. bxa5 Bxa3 13. Rxa3 Qxa5 14. Rb3 b6 15.
g4 Ne7 16. g5 hxg5 17. Nxg5 Bg6 18. Bd3 Bxd3 19. Qxd3 c5 20. Rb5 Qa8 21. Re3
cxd4 22. Rh3 Rxh3 23. Qxh3 Nf5 24. Nxd5 Rxc2 25. Qh8+ Nf8 26. Nh7 Rc1+ 27. Kg2
Nh4+ 28. Kh3 Nhg6 29. Qxg7 exd5 30. Nf6+ Kd8 31. Rxd5+ Kc8 32. Qxf7 Nf4+ 33.
Kg4 Nxd5 34. Qxf8+ Kb7 35. Qxa8+ Kxa8 36. Nxd5 d3 37. Kf5 d2 38. Ne3 Re1 0-1

[Event "XXIII Weekend A"]
[Site "Ceriano Laghetto ITA"]
[Date "2014.03.16"]
[Round "4"]
[White "Gromovs, Sergejs"]
[Black "Salvador, Roland"]
[WhiteElo "2211"]
[BlackElo "2462"]
[Result "0-1"]
[PlyCount "42"]
[EventDate "2014.03.14"]

1. d4 Nf6 2. c4 e5 3. dxe5 Ng4 4. Bf4 g5 5. Bg3 Nc6 6. Nf3 Bg7 7. e3 Ngxe5 8.
Nxe5 Nxe5 9. Nc3 d6 10. Rc1 Be6 11. b3 O-O 12. Be2 f5 13. f4 Ng6 14. O-O g4 15.
e4 h5 16. exf5 Bxf5 17. Qd5+ Kh8 18. Qxb7 Qe7 19. Rfe1 Qe3+ 20. Bf2 Qxf4 21.
Qxc7 Qxf2+ 0-1

[Event "XXIII Weekend A"]
[Site "Ceriano Laghetto ITA"]
[Date "2014.03.16"]
[Round "4"]
[White "Lapiccirella, Mattia"]
[Black "Sbarra, Marco"]
[WhiteElo "2171"]
[BlackElo "2271"]
[Result "1-0"]
[PlyCount "31"]
[EventDate "2014.03.14"]

1. d4 Nf6 2. c4 e6 3. Nf3 d5 4. g3 dxc4 5. Qa4+ Nbd7 6. Bg2 a6 7. Qxc4 b5 8.
Qc6 Rb8 9. Bf4 Nd5 10. Bg5 Be7 11. Bxe7 Qxe7 12. Nc3 Nb4 13. Qxc7 Nc2+ 14. Kd1
Nxa1 15. Ne5 Qb4 16. Nc6 1-0

[Event "XXIII Weekend A"]
[Site "Ceriano Laghetto ITA"]
[Date "2014.03.16"]
[Round "4"]
[White "Moroni, Luca jr"]
[Black "Montilli, Vincenzo"]
[WhiteElo "2274"]
[BlackElo "2054"]
[Result "1-0"]
[PlyCount "99"]
[EventDate "2014.03.14"]

1. Nf3 Nf6 2. c4 d6 3. g3 g6 4. d4 Bg7 5. b3 O-O 6. Bb2 e5 7. dxe5 Nfd7 8. Nc3
dxe5 9. Qd2 Re8 10. h4 Nc6 11. O-O-O a6 12. Bg2 Rb8 13. e3 h6 14. Qe2 b5 15.
Nd2 Na5 16. cxb5 axb5 17. h5 b4 18. Na4 Qf6 19. hxg6 fxg6 20. Bd5+ Kh7 21. Ne4
Qe7 22. f4 Nf6 23. Ng5+ Kh8 24. Bxe5 c6 25. Bf3 Rb5 26. Bd4 Kg8 27. Nh3 Bf5 28.
Nf2 Ne4 29. Nxe4 Bxe4 30. Bxe4 Qxe4 31. Bxg7 Kxg7 32. Rd7+ Re7 33. Rxe7+ Qxe7
34. e4 Rb7 35. Rd1 c5 36. Nb2 Nc6 37. e5 Nd4 38. Qf2 g5 39. Nc4 Ra7 40. f5 Kg8
41. g4 Nxb3+ 42. axb3 Ra1+ 43. Kc2 Ra2+ 44. Nb2 c4 45. Kb1 Qxe5 46. Kxa2 cxb3+
47. Kxb3 Qc3+ 48. Ka2 Qa3+ 49. Kb1 b3 50. Nc4 1-0

[Event "XXIII Weekend A"]
[Site "Ceriano Laghetto ITA"]
[Date "2014.03.16"]
[Round "4"]
[White "Naumkin, Igor"]
[Black "Lapiccirella, Daniele"]
[WhiteElo "2477"]
[BlackElo "2215"]
[Result "1-0"]
[PlyCount "59"]
[EventDate "2014.03.14"]

1. d4 d5 2. c4 c6 3. Nf3 Nf6 4. Nc3 e6 5. e3 Nbd7 6. Qc2 Bd6 7. Bd3 O-O 8. O-O
dxc4 9. Bxc4 a6 10. h3 c5 11. a4 Qc7 12. Qe2 cxd4 13. exd4 b6 14. Re1 Bb7 15.
Ba2 Bb4 16. Bd2 Qd6 17. Rad1 Rac8 18. Bb1 Qc6 19. Bd3 Bxc3 20. bxc3 Qxa4 21. c4
Qc6 22. Bb4 Rfe8 23. Qd2 b5 24. d5 exd5 25. Nd4 Qb6 26. Nf5 bxc4 27. Bc2 Rxe1+
28. Rxe1 Re8 29. Be7 Nf8 30. Rb1 1-0

[Event "XXIII Weekend A"]
[Site "Ceriano Laghetto ITA"]
[Date "2014.03.16"]
[Round "4"]
[White "Villa, Giorgio"]
[Black "Boschetti, Claudio"]
[WhiteElo "1962"]
[BlackElo "2095"]
[Result "1/2-1/2"]
[PlyCount "79"]
[EventDate "2014.03.14"]

1. d4 Nf6 2. Nf3 c5 3. c4 cxd4 4. Nxd4 Nc6 5. Nc3 g6 6. g3 Bg7 7. Nc2 h5 8. h3
d6 9. Bg2 Be6 10. b3 O-O 11. O-O Qc8 12. Kh2 Re8 13. Rb1 h4 14. Nd5 Bf5 15. Bb2
hxg3+ 16. fxg3 Nxd5 17. cxd5 Ne5 18. e4 Bd7 19. Nd4 b6 20. Nf3 Bb5 21. Nxe5
dxe5 22. Rf2 Bd7 23. Rc1 Qb7 24. Qf3 f6 25. Bf1 Rac8 26. Rfc2 Rxc2+ 27. Rxc2
Rc8 28. Qd1 b5 29. Qc1 Rxc2+ 30. Qxc2 f5 31. exf5 Bxf5 32. Qc5 a6 33. Bg2 Qd7
34. Qc6 Qd6 35. Qc3 Bf6 36. Qe3 Kf7 37. Be4 Bxe4 38. Qxe4 e6 39. dxe6+ Kxe6 40.
Bc3 1/2-1/2